[Event "Dortmund 44th"]
[Site "Dortmund"]
[Date "2016.07.16"]
[Round "6"]
[White "Vachier Lagrave, Maxime"]
[Black "Ponomariov, Ruslan"]
[Result "1-0"]
[WhiteElo "2798"]
[BlackElo "2706"]
[Annotator "Mekhitarian,K"]
[PlyCount "103"]
[EventDate "2016.07.09"]
[EventType "tourn"]
[EventRounds "7"]
[EventCountry "GER"]
[EventCategory "20"]
[SourceTitle "CBM 174"]
[Source "ChessBase"]
[SourceDate "2016.09.13"]
[SourceVersion "1"]
[SourceVersionDate "2016.09.13"]
[SourceQuality "1"]

1. e4 e5 2. Nf3 Nc6 3. Bb5 Nf6 4. O-O Nxe4 5. Re1 {A solid approach against
the Berlin variation of the Ruy Lopez. White regains the pawn, maintaining a
symmetric structure but keeping the more comfortable position since Black has
to place his knight on the awkward d6-square. Most of the time, Black
equalizes with a few precise moves.} Nd6 6. Nxe5 Be7 7. Bf1 Nxe5 8. Rxe5 O-O 9.
d4 (9. Nc3 Ne8 10. Nd5 Bd6 11. Re1 c6 12. Ne3 Bc7 13. Nf5 d5 14. Ne7+ Kh8 15.
Nxc8 Rxc8 {White has gained the bishop pair, but Black is left with a very
solid position.} 16. d4 Nf6 17. Be3 Qd7 18. f3 Rce8 19. Qd2 Kg8 20. Bf2 Nh5 21.
Rxe8 Rxe8 22. Re1 Rxe1 23. Qxe1 g6 24. a4 Nf4 25. b4 a6 26. a5 {1/2-1/2 (26)
Shirov,A (2676)-Kryvoruchko,Y (2711) Al Ain 2015}) 9... Bf6 10. Re1 Re8 11. Nc3
$5 $146 {A novelty in this position which already occured once by a
transposition of moves. White sacrifices the d4-pawn in order to obtain some
initiative.} (11. c3 {is the normal move, after what Black gets time to solve
his development issues} Rxe1 12. Qxe1 Ne8 13. Bf4 d5 14. Bd3 g6 15. Nd2 Ng7 16.
Nf3 Bf5 $11 {1/2-1/2 (30) Carlsen,M (2834)-Kramnik,V (2796) Doha 2015}) 11...
Rxe1 12. Qxe1 b6 (12... Bxd4 {has to be the most challenging. Black wasn't in
the mood to check his opponent's preparation and didn't accept the sacrifice.}
13. Bf4 (13. Nd5 $5 $146 c6 14. Bf4 cxd5 15. Bxd6 Bxb2 16. Rb1 Bf6 17. Qd1 Be7
18. Qxd5 Bxd6 19. Qxd6 Qf8 20. Qc7 $44) 13... Ne8 14. Nd5 c6 (14... d6 15. Bg5
f6 16. Bc4 fxg5 (16... Kh8 17. Qe4) 17. Nxc7+ Kh8 18. Nxa8 $13) 15. Ne7+ Kf8
16. Nxc8 Qf6 17. Bg3 (17. Qb4+ $5 c5 18. Qd2 Rxc8 19. Re1 $44) 17... Rxc8 18.
Qb4+ d6 19. Qxb7 Rc7 20. Qb8 Bxb2 21. Bxd6+ Qxd6 22. Qxb2 Re7 {and Black was
able to equalize -} 23. Rb1 Qc5 24. Bd3 {1/2-1/2 (24) Kravtsiv,M (2565)
-Kryvoruchko,Y (2692) Jerusalem 2015}) (12... c6 {allows something like} 13. d5
$5) 13. Bf4 Bb7 14. Bxd6 cxd6 {Now White has a clear plan: play against this
weakened structure, limiting especially the b7-bishop.} 15. Qe3 {Re1 is coming,
I don't see many options for Black besides ...Qe7.} Qe7 16. Qxe7 Bxe7 17. g3
Kf8 18. a4 $5 (18. Bg2 $5 {is a possible idea, Black would have to play} Bc6 {
, and then something like a4 would be similar to the game I guess.}) 18... Bc6
(18... a6 19. Bg2 Bxg2 (19... Bc6 20. Nd5 Bd8 (20... Bxd5 21. Bxd5 $16 {
with an excellent endgame.}) 21. c3 $14 {keeping the better chances}) 20. Kxg2
{is very bad for Black, the threat is Nd5, totally dominating the passive
bishop:} Rc8 21. Kf3 d5 {The only move to avoid suffocation.} 22. Ke3 Rc4 23.
Kd3 Bf6 24. Ne2 $16) 19. a5 (19. Ba6 $5 Rb8 (19... d5 20. Nb5 Bxb5 21. Bxb5 Bf6
22. c3 Ke7 23. a5 Rb8 24. Re1+ Kd6 25. a6 $14 {is comfortable for White,
though it's not easy to make progress.}) 20. d5 Bb7 21. Bxb7 Rxb7 22. Nd1 $14)
19... bxa5 20. d5 Bb7 21. Rxa5 a6 22. Ra3 Bf6 23. Na4 $5 Ke7 24. c4 (24. Nb6 $5
Rb8 (24... Bxb2 25. Re3+ Kd8 26. Nxa8 $18) 25. c3 Kd8 26. Bh3 Bc8 27. Nc4 Kc7
28. Ra2 Bb7 29. Bg2 $14) 24... Kd8 25. Re3 a5 26. Be2 Ba6 27. Kf1 Rb8 28. b3 {
At the cost of weakening many dark squares, White has succeeded in leaving the
a6-bishop totally out of the game. The next part of the game still is very
complicated.} g5 $6 {I don't get this idea, besides the fact that it
potentially creates serious weaknesses on the kingside.} (28... g6 $13 {
With a move like this one I don't know exactly how White would improve his
position, even though he clearly has the best chances. Maybe taking his king
to the queenside and then somehow relocating the knight from a4 could be an
idea, but then ...a4 from Black has to be observed.}) 29. Ke1 Bd4 30. Rf3 Ke7
31. Bd1 h6 32. Kd2 Rb4 33. Kd3 Ba7 34. Rf5 {Highlighting one of the problems
with 28...g5?!} f6 35. Nc3 Bc5 36. f4 Rb8 37. fxg5 fxg5 38. Kc2 Bg1 $6 (38...
Rf8 $5 {was required, entering an awkard endgame, but I don't see clearly how
White can convert it into a full point. For example:} 39. Rxf8 Kxf8 40. Kd3 Ke7
41. Ne4 Bg1 42. h3 Bh2 43. Bh5 Bg1 (43... Bb7 $2 44. Kc3 $18 {Kb2-Ka3-Ka4 is
coming}) 44. g4 $1 Bh2 45. Nc3 Kf6 46. Ne2 Be5 $1 (46... Ke5 47. Nd4 Kf6 48.
Nf5 Bf4 49. Be8 Bc8 50. Nxh6 Ke7 51. Bg6 $18) 47. Nd4 Bxd4 48. Kxd4 Bb7 49. Kc3
Ba6 50. Be8 Ke7 51. Bg6 Kd8 $11 {running to b6, to avoid Kb2-Ka3-Ka4.}) 39. Bh5
$6 (39. Rf1 $1 {would avoid the rook exchange - if Black takes on h2, then he
has problems to escape with his bishop -} Bc5 {and now start all over with Bg4
or Bh5.} (39... Bxh2 40. Re1+ Kd8 41. Ne4 a4 42. Kc3 axb3 43. Bxb3 Kc7 44. Rh1
Re8 45. Kd4 Rxe4+ 46. Kxe4 Bxg3 47. Rxh6 $16 {with good winning chances.}))
39... Bxh2 $2 (39... Rf8 40. Rxf8 Kxf8 41. h3 {would transpose to 38...Kf8 and
was definitely a better chance than the game continuation, which involved
enormous risks and is actually simply lost for Black.}) 40. Rf7+ Kd8 41. Bg4 $1
Rb7 (41... Bxg3 42. Ne4 Be5 43. Rxd7+ Ke8 44. Nxd6+ $18 {and everything
collapses.}) 42. c5 $6 (42. Ne4 $1 a4 (42... Rc7 43. Nxd6 a4 44. Nb5 $1 Bxb5 $2
(44... axb3+ 45. Kb2 Rxc4 46. Rxd7+ Kc8 47. Nd6+ Kb8 48. Nxc4 $18) 45. d6 $18)
43. c5 $1 axb3+ 44. Kb2 $18 dxc5 45. d6 {with mate to follow.}) 42... Bxg3 43.
Ne4 dxc5 (43... Rc7 $5 44. Nxg3 Rxc5+ 45. Kb2 Bb5 $16 {with chances to survive.
}) 44. Nxg3 d6 45. Rf8+ Ke7 46. Ra8 Rb6 $2 (46... Bd3+ $1 47. Kc3 (47. Kxd3 $2
Rxb3+ 48. Ke4 Rxg3 {and Black has hopes to escape}) 47... Bg6 {threatening to
'run' with ...Kf6-Ke5} 48. Rxa5 Kf6 49. Ra1 $16) 47. Kc3 $18 {Now White has a
deadly attack.} Bb7 48. Nf5+ Kf6 49. Rf8+ Ke5 50. Ne3 Ke4 51. Nc4 Ra6 {A
classy finish - Ponomariov allows a very pretty checkmate in the center of the
board!} 52. Bf3# 1-0

[Event "Olympiad-42"]
[Site "Baku"]
[Date "2016.09.05"]
[Round "4.2"]
[White "Tomashevsky, Evgeny"]
[Black "Ponomariov, Ruslan"]
[Result "0-1"]
[WhiteElo "2731"]
[BlackElo "2709"]
[Annotator "Moradiabadi,E"]
[PlyCount "116"]
[EventDate "2016.09.02"]
[EventType "team-swiss"]
[EventRounds "11"]
[EventCountry "AZE"]
[SourceTitle "CBM 175"]
[Source "ChessBase"]
[SourceDate "2016.11.10"]
[SourceVersion "1"]
[SourceVersionDate "2016.11.10"]
[SourceQuality "1"]
[WhiteTeam "Russia"]
[BlackTeam "Ukraine"]
[WhiteTeamCountry "RUS"]
[BlackTeamCountry "UKR"]

{Round four was under the spell of the Ukraine-Russia match! Two of the
top-guns in the Olympiad since the fall of Soviet Union and two countries in
political conflict! That would be enough tension to attract most of the
attention on the fourth round at the Baku chess Olympiad. On a 'Black' day in
this match, ex-FIDE world champion, Rusal Ponomariov, delivered one of the two
victories for Ukrainian team to let his teammates edge Russia 2.5-1.5.} 1. d4
Nf6 2. c4 e6 3. Nf3 b6 4. g3 Bb7 {Ponomariov adapts this classical system in
the QID rather than 4...Ba6.} 5. Bg2 Be7 6. O-O {} O-O 7. Nc3 (7. Re1 {
is another common move in this opening.} d5 8. cxd5 exd5 9. Nc3 Nbd7 10. Bf4 c5
11. Rc1 Ne4 12. dxc5 Ndxc5 13. Be5 Re8 14. Bd4 (14. Nb5 Bf8 15. b4 Ne6 16. Qb3
a6 (16... a5 17. Nc7 $5 (17. bxa5 $6 Rxa5 $15) 17... a4 18. Qe3 Nxc7 19. Qxb6
Na6 20. Qxb7 Nxb4 21. a3 Re7 22. Qb5 Ra5 23. Qxb4 Rxe5 24. Rc8 Qxc8 25. Qxa5
Re8 26. Qxa4 Nc3 27. Qc2 Bxa3 {and Black should be able to hold equality.}) 17.
Nc7 Nxc7 18. Bxc7 Qf6 $13) 14... Bf8 15. Qc2 Rc8 16. Bh3 Ne6 17. Qd3 Qe7 18.
Red1 Red8 19. Qe3 Rc7 20. Nb5 Rxc1 21. Rxc1 Nxd4 22. Nbxd4 g6 23. Qf4 Qd6 24.
Ne5 f5 25. Nd3 Qxf4 26. gxf4 Bd6 27. e3 Kf7 28. Bf1 Kf6 29. f3 Nc5 30. Kf2
Nxd3+ 31. Bxd3 Bc5 32. b4 Bxd4 33. exd4 Rc8 34. Rxc8 Bxc8 35. Bb5 Ke7 36. Kg3
Bd7 37. Bd3 b5 38. Kh4 Kf6 39. Bc2 a6 40. Bd3 Bc6 {1/2-1/2 (40) Gelfand,B 
(2734)-Ponomariov,R (2706) Almaty 2016}) 7... Ne4 8. Bd2 {} Bf6 (8... f5 {
is considered the main line. Ponomariov goes for a less theoretical, yet more
passive continuation.} 9. Ne5 Bf6 10. Qc2 Nd6 11. Bxb7 Nxb7 12. Nf3 Nc6 13. Be3
Nd6 14. b3 Qe7 15. Rad1 a5 16. Bf4 $14 {1-0 (52) Tomashevsky,E (2722)-Oparin,G
(2575) Sochi 2016}) 9. Rc1 {Surprised by Pono's choice, Tomashevsky goes for
the main line after thinking for a while.} Nxd2 10. Qxd2 d6 11. d5 e5 12. e4 {
Here comes the typical position which arises after 8...Bf6. White has given up
on his pair of bishops but he manges to have more space and Black's bishop
pair is not doing much in this position. To put it all in one sentece: Black
does not have any weaknesses but he is passive and has less space.} Nd7 13. h4
(13. b4 a5 14. a3 g6 15. h4 Bg7 16. Bh3 Nf6 {could have been an alternative
continuation here. There are not so many games in this line in the database.})
13... a5 {This stops White's play on the queenside but now white has enough
time to shut down any black activity on the kingside and plan a long-term
campaign thanks to his space advantage.} 14. Bh3 Nc5 15. Kg2 (15. Ne1 Bc8 16.
Bxc8 Qxc8 17. Kh2 g6 18. Nd3 Bg7 19. Nxc5 bxc5 20. Kg2 f5 21. f3 h5 22. Rf2 Kh7
$11 {0-1 (47) Riazantsev,A (2688) -Korobov,A (2694) Sochi 2015}) 15... Bc8 16.
Bxc8 Qxc8 17. Qe2 {Some quick evaluation: White has a small edge thanks to
Black's passive bishop on f6. The idea that White might lose this game is
almost unthinkable.} Be7 18. Nd2 Nd7 (18... f5 19. exf5 Qxf5 20. Nde4 {would
only give away the beautiful square of e4 to White's knights.}) (18... g6 19.
h5 {and White is faster at mobilising his pieces on the h-file.}) 19. Rh1 {
White prepares an assault on the kingside. Black's position is very unpleasant.
He does not have any counterplay and White is gradually grinding out his
advantage with no risk to himself.} Nf6 20. Nf1 {This knight is going to land
on e3. This is too typical to earn an exclamation mark!} (20. h5 h6 21. Rcg1
Ng4 22. f3 Nf6 23. Kf1 Nd7 24. Ke1 Bg5 {and Black's bishop starts breathing.
That is why Tomashevsky does not include h4-h5 in his plan.}) 20... h5 21. Ne3
g6 {[%csl Gf5]} 22. Rcg1 $1 {[%cal Gg2f1,Gf1e1,Ge1d1,Gd1c2] Now we know about
Tomashevsky's long-term plan. He is preparing a king-march to the queenside in
order to keep his king safe before the final attack. This theme was first
introduced by 9th world chess champion Tigran Petrosian.} Kg7 23. Kf1 Rh8 $1 {
Ponomariov is ready to face g4.} 24. Ke1 Qd7 25. Kd1 Kg8 26. f3 Bf8 $1 {
The QID position has transformed into a KID position. Now Black's King's
Indian bishop finds a nice spot: the bishop goes to g7 or h6 to cover his
mighty king.} 27. g4 {Tomashevsky starts his attack.} Rh7 28. Kc2 Be7 {} 29.
Rg2 (29. g5 Ne8 30. Kb1 Bf8 31. Rf1 Bg7 32. Nb5 Rh8 33. f4 {I wonder how Black
is going to defend f7.} exf4 34. Rxf4 Be5 35. Rf3 Kg7 36. Rhf1 Rf8 37. Qf2 Kg8
38. Nc2 Ng7 39. Ncd4 Rae8 40. Nc6 Qg4 41. Qc2 $1 {Black seems to be completely
out of any useful moves.} Qd7 (41... Qxh4 42. Nxc7) 42. Qd3 Qc8 43. Nxe5 Rxe5
44. Nd4 a4 45. Nc6 Ree8 46. Rf4 Qd7 47. Qf3 $18) 29... Qd8 30. Kb1 Kh8 31. Nf1
(31. g5 {[%cal Ge3d1,Gd1f2,Gf2d3,Gc3b5,Gh1f1,Gf3f4] should be considered as a
strong alternative.}) 31... Nd7 32. Rgh2 Kg7 33. Rh3 $4 {I do not understand...
Doesn't it lose a pawn?!} (33. Nb5 Nf6 34. Rg1 Bf8 35. Nd2 {with an unpleasant
position for Black.}) 33... hxg4 34. fxg4 Rxh4 {Ponomariov grabs the pawn and
he is simply a pawn up now!} 35. Rxh4 Bxh4 36. Qh2 Bg5 $1 {Ponomariov keeps
his head, the bishop goes to f4 and covers everything including the f-file.
Black is much better now.} 37. Qh7+ Kf8 38. Nh2 Qf6 39. Rf1 Bf4 40. Nf3 Ke7 {
Tomashevsky manages to get his position from much better to slightly better
and in 5 moves he is totally lost!} 41. Rh1 Bg3 {} 42. Nd2 Qf4 {} 43. Qh3 Nf6
{Mercilessly, Pono grabs the second pawn. The game is practically over.} 44.
Qg2 Qxg4 45. Ne2 Bf4 46. Nxf4 exf4 47. Qf1 Nh5 48. Qd3 Kf8 49. a3 Re8 {} 50.
Ka2 Kg7 51. Nf3 Nf6 52. Re1 Nd7 {The final phase: Black trades the knights and
he will gradually pushes his extra pawns.} 53. Qc3+ Ne5 54. Rf1 Qh3 {} 55. Qc1
Nxf3 {} 56. Qc3+ {} f6 {} 57. Rxf3 Qg4 58. Qd3 Rh8 {Tomashevsky had enough.
Ponomariov's passive strategy of 'waiting' rewarded him very well. What can I
say about Tomashevsky's blunder? Well, when the tension is high we all can
make mistakes. After all, we are all humans!} 0-1